000 00578nam a2200229Ia 4500
003 OSt
005 20220916111030.0
006 a|||||r|||| 00| 0
007 ta
008 220915b |||||||| |||| 00| 0 eng d
024 _a123917
037 _cTextbook
040 _beng
_aARTS
_cARTS
041 _aeng
082 _aV632:1:M3, G0 (906)
100 _amackeurtan Graham
245 0 _aCradle days of Natal, 1497-1845
260 _c1930
650 _aHISTORY
942 _hV632:1:M3, G0 (906)
_cTB
_2CC
999 _c103951
_d103951